000 00690nam a2200289Ia 4500
005 20260324115044.0
008 008 260324s9999 xx 000 0 eng d
020 _a9781032682877
037 _aEBOOK
040 _aCRL
040 _beng
040 _cCRL
041 _2eng
041 _aeng
084 _qCRL
100 _aMaria Walther; Karen Biggs-Tucker
_91153189
245 0 _aLiteracy Workshop
245 0 _bWhere Reading and Writing Converge
260 _bTaylor and Francis
260 _c2020
365 _a
365 _b165
856 _uhttp://www.taylorfrancis.com/books/9781032682877
942 _cEBOOK
999 _c1743779
_d1743779